| 000 | 01092cam a22003254a 4500 | ||
|---|---|---|---|
| 999 |
_c452 _d452 |
||
| 001 | 14444546 | ||
| 003 | GZU | ||
| 005 | 20200828134848.0 | ||
| 008 | 060710s2007 nyuab b 001 0 eng | ||
| 010 | _a 2006021528 | ||
| 015 |
_aGBA676104 _2bnb |
||
| 016 | 7 |
_a013546848 _2Uk |
|
| 020 | _a0415771382 (hbk.) | ||
| 020 | _a9780415844550 (pbk.) | ||
| 035 | _a(OCoLC)ocm70291948 | ||
| 040 |
_aDLC _cDLC _dBAKER _dBWKUK _dBTCTA _dYDXCP _dUKM _dCOO _dNLGGC _dBWK _dXVF _dOCLNG _dCPE _dDLC |
||
| 042 | _apcc | ||
| 043 | _af------ | ||
| 050 | 0 | 0 |
_aDT20 _b.ASA 2014 |
| 100 | 1 |
_aAsante, Molefi Kete, _d1942- _eauthor |
|
| 245 | 1 | 4 |
_aThe history of Africa : _bthe quest for eternal harmony / _cMolefi Kete Asante. |
| 260 |
_aNew York ; _aLondon : _bRoutledge, _c2014. |
||
| 300 |
_axvii, 399p. : _bill., map ; _c24 cm. |
||
| 500 | _aIncludes bibliographical references and index. | ||
| 504 | _aIncludes bibliographical references and index. | ||
| 651 | 0 |
_aAfrica _xHistory. |
|
| 651 | 0 |
_aAfrica _xCivilization. |
|
| 906 |
_a7 _bcbc _corignew _d1 _eocip _f20 _gy-gencatlg |
||
| 942 |
_2lcc _cBK _h20 _iASA _kDT _e2nd ed. |
||